Statistiques concernant Pièces de shogi

Cliquez ici pour prendre le quiz!

Statistiques générales

  • Ce quiz a été pris 9 fois
  • Le résultat moyen est 7 sur 15

Statistiques - réponses

Réponse% Correct
pion
100%
cavalier
80%
général d'argent
80%
général d'or
80%
fou
60%
lancier
60%
tour
60%
général de jade
40%
pion d'or
40%
roi
40%
cavalier d'or
20%
dragon cheval
20%
roi dragon
20%
argent d'or
0%
lancier d'or
0%

Distribution des résultats

Percentile par nombre de réponses

% des personnes avec chaque résultat

Votre développement - résultats

Vous n’avez pas pris ce quiz